Espanjan tärkeimmät kauppakumppanit - Statistics

Yleistilastot
  • Tätä visaa on pelattu 379 kertaa
  • Keskiarvotulos 15 / 19
Vastaustilastot
Vienti Tuonti Valtio % Oikein
66,4 mrd. 48,7 mrd. Ranska
99%
20,4 mrd. 26,6 mrd. Yhdysvallat
99%
36,9 mrd. 34,7 mrd. Italia
97%
36,1 mrd. 19,8 mrd. Portugali
96%
44,3 mrd. 59,3 mrd. Saksa
96%
24,4 mrd. 11,1 mrd. Yhdistynyt kuningaskunta
94%
8,20 mrd. 39,7 mrd. Kiina
93%
13,1 mrd. 9,57 mrd. Marokko
84%
10,2 mrd. 10,1 mrd. Puola
84%
7,93 mrd. Brasilia
83%
3,92 mrd. Ruotsi
83%
7,17 mrd. Sveitsi
82%
6,06 mrd. Meksiko
79%
14,0 mrd. 31,7 mrd. Alankomaat
77%
16,6 mrd. 16,5 mrd. Belgia
75%
6,93 mrd. Algeria
71%
9,48 mrd. 9,20 mrd. Turkki
69%
4,06 mrd. 6,37 mrd. Tšekki
61%
6,22 mrd. Nigeria
26%
Ehtoja vastaavia visoja ei löytynyt
Tulosjakauma
Jokaisen tuloksen saaneiden osuus
Persentiili vastausten määrän mukaan
Tuloshistoriasi
Et ole pelannut tätä visaa